000 00682nam a2200241 a 4500
001 BRL_1332
005 20190320211143.0
008 070114s1978----nyuao#####---#000-0#eng-#
020 _a0442220782
041 _aeng
044 _anyu
050 4 _aTT848
_b.W37 1978
100 1 _aWarner Dendel, Esther
_926552
245 1 0 _aThe basic book of twining
_cby Esther Warner Dendel ; with photographs and drawings by Jo Dendel.
260 _aNew York
_bVan Nostrand Reinhold
_c1978
300 _a100 p.
_bil.
_c27 cm.
500 _aAu1587
650 1 4 _aTejido a mano
_926553
650 1 4 _aTejeduría
_926554
700 1 _aDendel, Jo
_eil.
_926555
902 _aGRL
942 _2lcc
_cB
999 _c10144
_d10144